A history of plague in the United States of America /

Bibliographic Details
Main Author: Link, Vernon B.
Corporate Author: United States. Public Health Service
Format: Book
Language:English
Published: Washington, D.C. : U.S. Department of Health, Education, and Welfare, Public Health Service, 1955.
Series:Public health monograph ; no. 26.
Public Health Service publication ; no. 392.
Subjects:

MARC

Tag First Indicator Second Indicator Subfields
LEADER 00000cam a22000001a 4500
001 in00004518213
005 20191205081440.0
008 820221s1955 dcuabd b f000 0 eng
010 |a  55060019  
016 7 |a 1008058R  |2 DNLM 
016 7 |a CAT10984858  |2 DNAL 
035 |a (OCoLC)ocm01223486 
035 |a (OCoLC)1223486 
035 |a 85148 
040 |a NLM  |b eng  |c NLM  |d YOM  |d CHS  |d UBA  |d AGL  |d OCLCQ  |d CLU  |d WIH  |d HUV  |d TMV  |d UtOrBLW 
043 |a n-us--- 
049 |a TMVM  |c 1 
050 0 0 |a RC176.A2  |b L5 
050 4 |a RA11  |b .D176 no.26 
060 0 0 |a W1  |b PU501 no.26 1955 
060 4 |a WC 355  |b L756h 1955 
100 1 |a Link, Vernon B. 
245 1 2 |a A history of plague in the United States of America /  |c Vernon B. Link, M.D., M.P.H. 
246 1 4 |a History of plague in the United States 
264 1 |a Washington, D.C. :  |b U.S. Department of Health, Education, and Welfare, Public Health Service,  |c 1955. 
300 |a viii, 120 pages :  |b illustrations, charts, maps, tables ;  |c 26 cm. 
336 |a text  |2 rdacontent  |b txt 
337 |a unmediated  |2 rdamedia 
338 |a volume  |2 rdacarrier  |b nc 
490 1 |a Public health monograph ;  |v no. 26 
490 1 |a Public Health Service publication ;  |v no. 392 
504 |a Includes bibliographical references. 
561 |a T.J. Galvin, D.V.M. (donated to TMV, stamp on front cover).  |5 TMV 
650 0 |a Plague  |z United States  |x History. 
650 2 |a Disease Outbreaks  |x history. 
650 2 |a Plague  |x history. 
651 2 |a United States. 
710 1 |a United States.  |b Public Health Service. 
830 0 |a Public health monograph ;  |v no. 26. 
830 0 |a Public Health Service publication ;  |v no. 392. 
999 f f |s c2845ceb-4f7a-3414-9bde-4b34c977fb56  |i 5a8d711c-fb51-34f9-9cc5-9fdf13ce01f7  |t 0 
952 f f |p ric  |a Texas A&M University  |b Rellis Campus  |c Joint Library Facility  |d Remote Storage  |t 0  |e WC 355 L756h 1955  |h National Library of Medicine classification  |i unmediated -- volume  |m 323890238749F 
998 f f |a WC 355 L756h 1955  |t 0  |l Remote Storage